Box,bottle,bag.
| Main Author: | |
|---|---|
| Format: | Book |
| Published: |
Ontario:
FW Media,
2010.
|
| Subjects: |
| LEADER | 00372cam a2200145 7i4500 | ||
|---|---|---|---|
| 001 | 0000025458 | ||
| 005 | 20101223090000.0 | ||
| 020 | 0 | 0 | |a 9781600614194 |
| 090 | 0 | 0 | |a DE 688.8 |b GIB |
| 100 | 1 | 0 | |a Gibbs |
| 245 | 1 | 0 | |a Box,bottle,bag. |
| 260 | 0 | 0 | |a Ontario: |b FW Media, |c 2010. |
| 300 | # | # | |a 216p. |
| 650 | 0 | 0 | |a Packaging -- |x Design |
| 999 | |a B000028018 |b Book |c Designs |e Business Information Centre | ||


